000 00436ntaaa2200181 4500
003 01
005 20251027201026.0
008 0714s1973 ag 01
040 _aAR-BaBN
_bspa
_cAR-BaBN
_eaacr
_dRIC
082 _a150 Eh8
100 _aEhlual, G.
_97491
245 _aManual de PsicologĂ­a /
_cG. Ehlual
250 _a1 ed.
260 _as.l. :
_bMoly Lasserre,
_cn.f.
300 _a312 p.
650 _aPsicologĂ­a
_92648
942 _cBK
999 _c4361
_d4361